000 00431nam a2200169Ia 4500
008 100310t1993 xxu||||| |||| 00| 0 sin d
041 _asin
080 _aX8S31
_bAMA
100 _aAmarakeerthi, Liyanage
245 _aමහකන්ද පාමුල
246 _aMaha Kanda pamula
260 _bGodage
_aColombo
_c1993
300 _a223p., 16 cm
942 _cBK
999 _c70868
_d70868
003 LK-CoDNM
040 _aLK-CoDNM
_dLK-CoDNM
_eLK-CoDNM